000 01717nam a2200337 i 4500
003 DO-SdBNP
005 20250625125818.0
007 ta
008 250625b2025 dr ac||| |||| 00| 0 spa d
020 _a9789945945287
040 _aDO-SdBNP
_bspa
_cBNPHU
_erda
041 _aspa
082 4 _axxx
_bU42p
_222
100 1 _aUlloa, Pablo,
_eautor
_4aut.
_982840
245 1 4 _aPor el bien común :
_bacia un estado de bienestar para todos /
_cPablo Ulloa ; prólogo de Jorge Subero Isa ; arte de cubierta, Martín González ; diagramación, Jenny Luna ; fotografías, Robert Vásquez, Kelvin Moquete y Ernesto Ríos.
250 _aPrimera edición
264 4 _aSanto Domingo, República Dominicana :
_bImpresora Soto Castillo,
_c©2025.
300 _avolumen :
_bilustraciones, fotografías ;
_c25 cm.
336 _atexto
_btxt
_2rdacontent
337 _asin mediación
_bn
_2rdamedia
338 _avolumen
_bnc
_2rdacarrier
500 _aIncluye datos biográficos del autor en las solapas
505 _aIntroducción. Un compromiso con el futuro : reflexiones sobre los desafíos de República Dominicana hacia un estado de bienestar -- Capítulo1. Fundamentos filosóficos y contexto histórico -- Capítulo II. Introducción al estado de bienestar y desarrollo Anécdota -- Capítulo III. Evaluación del estado dominicana hacia un estado de bienestar -- Ejes claves del estado de bienestar --
590 _aInventariado, 2025 /LP
700 1 _aBachelet, Michelle,
_eprologuista
_4pr.
_985063
700 1 _aVásquez, Robert,
_efotógrafo
_4fot.
_988185
700 1 _aMoquete, Kelvin,
_efotógrafo
_4fot.
_988186
700 1 _aRíos, Ernesto,
_efotógrafo
_4fot.
_988187
910 _aLP
942 _2ddc
_cLBS1
999 _c58687
_d58687